00599nam a2200169Ia 4500008004100000020001500041041001200056082001600068100001400084245008400098260002900182300000800211650002100219942000700240999001500247952016700262221030s9999 xx 000 0 und d a8170294622 aEnglish a105.23bSal aJ. Salemi 0aClient / Server computing with Sybase SQL Server ( DEPARTMENTAL )cby J. Salemi bBPB PubaNew Delhic1994 a236 aCSE Departmental cBK c2263d2263 pBE 1051g225.00l0o105.23 Salr2024-06-13 00:00:00w2022-10-30yBK003Print4071aMIETLIBbMIETLIBcBL-Departmental, FL-1, CUP-77, SH-4, R-4d2000-02-1110HBE